ბათუმის შოთა რუსთაველის სახელმწიფო უნივერსიტეტის ბიბლიოთეკა

ეს დღე; ლექსები (ბიბ.ჩანაწერი № 43535)

000 -LEADER
fixed length control field 00598nam a2200205Ia 4500
001 - CONTROL NUMBER
control field 10266
003 - CONTROL NUMBER IDENTIFIER
control field GE_BSU
008 - FIXED-LENGTH DATA ELEMENTS--GENERAL INFORMATION
fixed length control field 181216s||||||||xx |||||||||||||| ||und||
040 ## - CATALOGING SOURCE
Transcribing agency GE_BSU
080 ## - UNIVERSAL DECIMAL CLASSIFICATION NUMBER
Universal Decimal Classification number 821.353.1–1
100 ## - MAIN ENTRY--PERSONAL NAME
Personal name სახვაძე,ეთერ
245 ## - TITLE STATEMENT
Title ეს დღე; ლექსები
245 ## - TITLE STATEMENT
Statement of responsibility, etc. რედ.ლ.მესხი,მხატვ.კ.ფაჩულია
260 ## - PUBLICATION, DISTRIBUTION, ETC.
Place of publication, distribution, etc. თბილისი
260 ## - PUBLICATION, DISTRIBUTION, ETC.
Name of publisher, distributor, etc. მერანი
260 ## - PUBLICATION, DISTRIBUTION, ETC.
Date of publication, distribution, etc. 1986
300 ## - PHYSICAL DESCRIPTION
Extent 104გვ.17სმ.
653 ## - INDEX TERM--UNCONTROLLED
Uncontrolled term ეს დღე; ლექსები
942 ## - ADDED ENTRY ELEMENTS (KOHA)
Koha item type წიგნი
ეგზემპლარები
Withdrawn status Lost status Damaged status Not for loan Date acquired Barcode Date last seen Price effective from Koha item type
        2018-12-17 33650 2018-12-17 2018-12-17 წიგნი